| 000 | 00451nam a2200169 i 4500 | ||
|---|---|---|---|
| 001 | 142046 | ||
| 003 | ES-MaACL | ||
| 005 | 20230906200431.0 | ||
| 007 | t| | ||
| 008 | 071002s1929 fr ||||1| fre d | ||
| 100 | 1 |
_aWaliszewski, Kazimierz. _9115920 |
|
| 245 | 1 | 3 |
_aLe roman d'une imperatrice _b: Catherine II de Russie. |
| 250 | _a22em. ed. | ||
| 260 |
_aParis : _bPlon, _c[1929] |
||
| 300 |
_aXI, 648 p. ; _c24 cm. |
||
| 852 |
_aES-MaACL _jA-3378 |
||
| 999 |
_c142046 _d142046 |
||